000 00681nam a2200241Ia 4500
003 OSt
005 20221007062325.0
006 a|||||r|||| 00| 0
007 ta
008 221006b |||||||| |||| 00| 0 eng d
024 _a29,766
037 _cTextual
040 _aFLL
_cFLL
_beng
041 _2eng
_aeng
082 _aY115:425:5:Z2qN56:9, L0
100 _aBeotra B.R.
_949934
245 0 _aSuppression of immoral traffic in women and girls act, 1956
250 _a2nd
260 _aAllahabad
_bLaw Book Co. India
_c1975
300 _axxi,390p
_ccm.
942 _hY115:425:5:Z2qN56:9, L0
_cTEXL
_2CC
999 _c1128315
_d1128315